000 00320nam a2200145Ia 4500
008 150301s2015 xx 000 0 und d
082 _a615.4
_bP13K
100 _aN. KUMAR
245 2 _aA TB OF PHARMACOLOGY
250 _a2ND
260 _bAITBS DELHI
300 _a295
650 _aPHARMACOLOGY
942 _2ddc
_cBK
_02
999 _c7245
_d7245